[Event "Warsaw YMCA Spring-D 185th"]
[Site "Warsaw"]
[Date "2017.04.14"]
[Round "1"]
[White "Majek, Kacper"]
[Black "Delikat, Adam"]
[Result "1-0"]
[WhiteElo "1377"]
[BlackElo "1238"]
[PlyCount "45"]
[EventDate "2017.04.06"]
[EventType "tourn"]
[EventRounds "13"]
[EventCountry "POL"]
[SourceTitle "EXT 2019"]
[Source "ChessBase"]
[SourceDate "2018.10.10"]
[SourceVersion "1"]
[SourceVersionDate "2018.10.10"]
[SourceQuality "1"]

1. e4 c6 2. d4 d5 3. Nc3 dxe4 4. Nxe4 Bf5 5. Ng3 Bg6 6. h4 h5 7. c3 Nf6 8. Nf3 Nbd7 9. Be3 Nd5 10. Bd3 Nxe3 11. fxe3 Qc7 12. Ne2 Bxd3 13. Qxd3 0-0-0 14. Qf5 f6 15. Nf4 Kb8 16. Rh3 Qd6 17. Nd2 c5 18. Ne4 Qc6 19. Ne6 g6 20. Qf4+ Ne5 21. Nxd8 Qc7 22. dxe5 Qxd8 23. exf6+ 1-0